000 00573cam a2200181 a 4500
001 000006297
005 20200929153918.0
008 831029s1926 fr 001 0 fre
040 _aDO-SdBNP
_cCarP
_dDLC
082 _a843.914
_bC615j
100 1 _aClaudel, Paul,
_d1868-1955.
_96174
245 1 3 _aLa jeune fille Violaine :
_bpremiere version inedite de 1892 /
_cPaul Claudel.
260 _aParís, :
_bExcelsoir,
_c1926.
300 _axi, 168 p. ;
_c18 cm.
650 4 _aNovela francesa
_91075
650 4 _aLiteratura francesa
_91074
910 _aCatalogación por copia / LC
999 _c6092
_d6092